| 000 -LEADER |
| fixed length control field |
00412cam a2200145u 4500 |
| 040 ## - CATALOGING SOURCE |
| Transcribing agency |
CarP |
| 082 ## - DEWEY DECIMAL CLASSIFICATION NUMBER |
| Classification number |
674 BOB 1943 A049 Or. |
| 100 1# - MAIN ENTRY--AUTHOR NAME |
| Personal name |
Horn, Stanley Fitzgerald, |
| 245 10 - TITLE STATEMENT |
| Title |
This fascinating lumber business, |
| 260 ## - PUBLICATION, DISTRIBUTION, ETC. (IMPRINT) |
| Place of publication |
Indianapolis, |
| -- |
New York, |
| Name of publisher |
The Bobbs-Merrill company |
| Year of publication |
[1943] |
| 300 ## - PHYSICAL DESCRIPTION |
| Number of Pages |
328 p. |
| Other physical details |
front., illus., plates. |
| Dimensions |
23 cm. |
| 650 #0 - SUBJECT ADDED ENTRY--TOPICAL TERM |
| Topical Term |
Lumber trade |
| 650 #0 - SUBJECT ADDED ENTRY--TOPICAL TERM |
| Topical Term |
Lumbering |
| 942 ## - ADDED ENTRY ELEMENTS (KOHA) |
| Koha item type |
សៀវភៅភាសាអង់គ្លេស |
| 952 ## - LOCATION AND ITEM INFORMATION (KOHA) |
| Withdrawn status [LOCAL, KOHA] |
0 |